000 01042cam a2200217 a 4500
001 000007615
005 20200929154232.0
008 810918m19031904nyuabce 001 0beng
010 _a03011846
040 _aDO-SdBNP
_bspa
_cBNPHU
100 1 _aThacher, John Boyd,
_d1847-1909.
_921127
245 1 0 _aChristopher Columbus: his life, his work, his remains as revealed by original printed and manuscript records, together with an essay on Peter Martyr of Anghera and Bartolome de las Casas, the first historians of America /
_cJohn Boyd Thacher.
260 _aNew York :
_bG.P. Putnam's Sons:
_aLondon :
_bThe Knickerbocker Press,
_c1903-1904.
300 _a3 v. :
_bil., mapas, facsims. ;
_c30 cm.
600 1 0 _aColumbus, Christopher.
_914770
600 1 0 _aAnghiera, Pietro Martire d',
_d1457-1526.
_9543
600 1 0 _aCasas, Bartolome de las,
_d1474-1566.
_921128
700 1 _aMorison, Samuel Eliot,
_d1887-1976,
_eformer owner.
_94889
710 2 _aKnickerbocker Press.
_921129
710 2 _aJay I. Kislak Collection (Library of Congress)
_5DLC
_921130
999 _c7395
_d7395